00000000cam 2200000zi 4500
0019.955450
003CaOODSP
00520260605124913
006m     o  d f      
007cr bn|||||||||
008250917t20252025onc     ob   f000 0 fre d
020 |a9780660790213
040 |aCaOODSP|bfre|erda|cCaOODSP
043 |an-cn---
0861 |aBT39-90/2025F-PDF
24500|aGuide à l’intention des comités ministériels de vérification de 2024.
264 1|aOttawa, Ontario : |bSecrétariat du Conseil du trésor du Canada = Treasury Board of Canada Secretariat, |c2025.
264 4|c©2025
300 |a1 ressource en ligne (78 pages non numérotées)
336 |atexte|btxt|2rdacontent/fre
337 |ainformatique|bc|2rdamedia/fre
338 |aressource en ligne|bcr|2rdacarrier/fre
500 |aTitre de la couverture.
500 |aPublié aussi en anglais sous le titre : 2024 Guidebook for a departmental audit committee.
500 |a« Publié : le 2025-07-14. »
504 |aComprend des références bibliographiques.
650 6|aVérification interne|xPolitique gouvernementale|zCanada.
7101 |aCanada. |bConseil du trésor, |eorganisme de publication.
77508|t2024 Guidebook for a departmental audit committee.|w(CaOODSP)9.955449
85640|qPDF|s771 Ko|uhttps://publications.gc.ca/collections/collection_2026/sct-tbs/BT39-90-2025-fra.pdf
8564 |qHTML|sS.O.|uhttps://www.canada.ca/fr/secretariat-conseil-tresor/services/verifications-evaluations/comites-ministeriels-verification/guide-comite-ministeriels-verification.html